000 00282nam a2200109Ia 4500
005 20251222144739.0
008 251222s9999||||xx |||||||||||||| ||spa||
082 _a005.8/I59/4
245 0 _aNormas de seguridad para afrontar el virus '' I LOVE YOU ''
264 _bINEI
942 _cLIB
999 _c18882
_d18882